| 000 | 00503nam a22001817a 4500 | ||
|---|---|---|---|
| 003 | NUST - PNEC | ||
| 005 | 20170116181205.0 | ||
| 008 | 160413b xxu||||| |||| 00| 0 eng d | ||
| 020 | _a9788131808559 | ||
| 040 | _cLIBRARY | ||
| 082 | _a620.1 BAN | ||
| 100 |
_916799 _aBansal, R.K. |
||
| 245 |
_aA Textbook of Engineering Mechanics _cR.K. Bansal |
||
| 260 |
_aNew Delhi _bLaxmi Publications (P) LTD _cc.2014 |
||
| 300 | _a605 p. : | ||
| 650 |
_916800 _aEngineering mechanics _xME |
||
| 942 |
_2ddc _cBK |
||
| 999 |
_c71628 _d71628 |
||